Study Guide Introductory Chemistry (Record no. 9623)
[ view plain ]
| 000 -LEADER | |
|---|---|
| fixed length control field | 00416nam a22001697a 4500 |
| 003 - CONTROL NUMBER IDENTIFIER | |
| control field | OSt |
| 005 - DATE AND TIME OF LATEST TRANSACTION | |
| control field | 20211005152438.0 |
| 008 - FIXED-LENGTH DATA ELEMENTS--GENERAL INFORMATION | |
| fixed length control field | 211005b |||||||| |||| 00| 0 eng d |
| 020 ## - INTERNATIONAL STANDARD BOOK NUMBER | |
| International Standard Book Number | 9780136019008 |
| 040 ## - CATALOGING SOURCE | |
| Transcribing agency | hu |
| 082 ## - DEWEY DECIMAL CLASSIFICATION NUMBER | |
| Classification number | 598.2`4`078 |
| 100 ## - MAIN ENTRY--PERSONAL NAME | |
| Personal name | Friedman Donna |
| 9 (RLIN) | 10350 |
| 245 ## - TITLE STATEMENT | |
| Title | Study Guide Introductory Chemistry |
| 260 ## - PUBLICATION, DISTRIBUTION, ETC. | |
| Place of publication, distribution, etc. | London |
| Name of publisher, distributor, etc. | New- Haven |
| Date of publication, distribution, etc. | 1993 |
| 300 ## - PHYSICAL DESCRIPTION | |
| Extent | 295 |
| Other physical details | pc |
| Dimensions | 28 |
| 942 ## - ADDED ENTRY ELEMENTS (KOHA) | |
| Source of classification or shelving scheme | Dewey Decimal Classification |
| Koha item type | Books like text book referance book |
| Suppress in OPAC | No |
| Withdrawn status | Lost status | Source of classification or shelving scheme | Damaged status | Not for loan | Collection code | Home library | Current library | Shelving location | Date acquired | Full call number | Barcode | Date last seen | Copy number | Price effective from | Koha item type | Total Checkouts |
|---|---|---|---|---|---|---|---|---|---|---|---|---|---|---|---|---|
| Dewey Decimal Classification | Reference | Wondo Genet Library | Wondo Genet Library | General Stacks | 10/05/2021 | 540 FRI 2009 | WGCFNRL00002992 | 10/05/2021 | 1 | 10/05/2021 | Books like text book referance book | |||||
| Dewey Decimal Classification | Reference | Wondo Genet Library | Wondo Genet Library | General Stacks | 10/05/2021 | 540 FRI 2009 | WGCFNRL00002993 | 10/05/2021 | 2 | 10/05/2021 | Books like text book referance book | |||||
| Dewey Decimal Classification | Reference | Wondo Genet Library | Wondo Genet Library | General Stacks | 10/05/2021 | 540 FRI 2009 | WGCFNRL00002994 | 10/05/2021 | 3 | 10/05/2021 | Books like text book referance book | |||||
| Dewey Decimal Classification | Reference | Wondo Genet Library | Wondo Genet Library | General Stacks | 10/05/2021 | 540 FRI 2009 | WGCFNRL00002995 | 10/05/2021 | 4 | 10/05/2021 | Books like text book referance book | |||||
| Dewey Decimal Classification | Reference | Wondo Genet Library | Wondo Genet Library | General Stacks | 10/05/2021 | 540 FRI 2009 | WGCFNRL00002996 | 10/05/2021 | 5 | 10/05/2021 | Books like text book referance book | |||||
| Dewey Decimal Classification | Reference | Wondo Genet Library | Wondo Genet Library | General Stacks | 10/05/2021 | 540 FRI 2009 | WGCFNRL00002997 | 10/05/2021 | 6 | 10/05/2021 | Books like text book referance book | |||||
| Dewey Decimal Classification | Reference | Wondo Genet Library | Wondo Genet Library | General Stacks | 10/05/2021 | 540 FRI 2009 | WGCFNRL00002998 | 10/05/2021 | 7 | 10/05/2021 | Books like text book referance book | |||||
| Dewey Decimal Classification | Reference | Wondo Genet Library | Wondo Genet Library | General Stacks | 10/05/2021 | 540 FRI 2009 | WGCFNRL00002999 | 10/05/2021 | 8 | 10/05/2021 | Books like text book referance book | |||||
| Dewey Decimal Classification | Reference | Wondo Genet Library | Wondo Genet Library | General Stacks | 04/12/2022 | 540FRI2009 | WGCFNRL00018909 | 04/12/2022 | 9 | 04/12/2022 | Books like text book referance book |